[Event "Olomouc 2008 - Open"]
[Site "Olomouc (CZE), Hotel Sigma"]
[Date "2008.08.07"]
[Round "9.8"]
[White "PALCHUN, GRIGORY."]
[Black "VRANA, JAN."]
[Result "1-0"]
[WhiteElo "2120"]
[BlackElo "2234"]
[PlyCount "65"]
[EventDate "2008.07.31"]

1. d4 d5 2. Nf3 Nf6 3. Bf4 e6 4. e3 Be7 5. Nbd2 O-O 6. Bd3 c5 7. c3 Nbd7 8. Ne5
Nxe5 9. dxe5 Nd7 10. h4 Re8 11. Nf3 Nf8 12. Qe2 Bd7 13. Ng5 Bxg5 14. Bxg5 f6
15. exf6 gxf6 16. Bh6 Re7 17. Rh3 Kh8 18. Rg3 Qe8 19. h5 Bc6 20. Qg4 Qf7 21.
Qh4 Nd7 22. Bg7+ Qxg7 23. Rxg7 Rxg7 24. g3 Rf8 25. O-O-O b6 26. h6 Rgg8 27. f4
Re8 28. g4 Ref8 29. Rg1 e5 30. Bf5 e4 31. g5 Nb8 32. Be6 Rg6 33. f5 1-0

[Event "Olomouc 2008 - Open"]
[Site "Olomouc (CZE), Hotel Sigma"]
[Date "2008.08.07"]
[Round "9.9"]
[White "MATOUSEK, PETR."]
[Black "DE VERDIER, MICHAEL."]
[Result "1-0"]
[WhiteElo "2126"]
[BlackElo "2222"]
[PlyCount "91"]
[EventDate "2008.07.31"]

1. e4 c5 2. Nc3 Nc6 3. g3 g6 4. Bg2 Bg7 5. d3 d6 6. Be3 e5 7. Qd2 Nge7 8. Bh6
O-O 9. h4 Bxh6 10. Qxh6 f6 11. Qd2 Nd4 12. h5 g5 13. h6 Be6 14. Nd5 Nxd5 15.
exd5 Bd7 16. O-O-O b5 17. c3 Nf5 18. Ne2 Rb8 19. Bh3 b4 20. c4 Ne7 21. Bxd7
Qxd7 22. f4 Qg4 23. Rdg1 Kh8 24. Rh2 Rbe8 25. Rf1 Ng6 26. Rhf2 e4 27. dxe4 Rxe4
28. fxg5 Rfe8 29. Nf4 Rxc4+ 30. Kb1 Nxf4 31. gxf4 Qf5+ 32. Ka1 Rd4 33. Re1 Ree4
34. Qc1 fxg5 35. Rfe2 Kg8 36. Qc2 Rxe2 37. Qxe2 Rxf4 38. Qe8+ Qf8 39. Qe6+ Qf7
40. Qxd6 Rf6 41. Qxc5 Rf1 42. Qc8+ Qf8 43. Qe6+ Kh8 44. Qe5+ Kg8 45. Qxg5+ Kh8
46. Qg7+ 1-0

[Event "Olomouc 2008 - Open"]
[Site "Olomouc (CZE), Hotel Sigma"]
[Date "2008.08.07"]
[Round "9.10"]
[White "VANEK, LADISLAV."]
[Black "SHISHKIN, VLADIMIR."]
[Result "0-1"]
[WhiteElo "2114"]
[BlackElo "2189"]
[PlyCount "126"]
[EventDate "2008.07.31"]

1. d4 f5 2. Nc3 d5 3. Bg5 c6 4. e3 Nd7 5. Bd3 Ndf6 6. f3 e6 7. Nge2 Qb6 8. Na4
Qa5+ 9. c3 g6 10. b4 Qc7 11. Bf4 Qe7 12. Be5 Nh6 13. O-O Nf7 14. Nc5 b6 15. Qa4
Nd8 16. Nb3 Bd7 17. Nd2 Kf7 18. Qc2 Bh6 19. f4 Re8 20. Bxf6 Kxf6 21. Nf3 Bf8
22. a3 a5 23. Rfb1 axb4 24. axb4 Nf7 25. Ra2 c5 26. bxc5 bxc5 27. Rba1 Rxa2 28.
Qxa2 Rc8 29. Qa7 Be8 30. Qxe7+ Bxe7 31. Ra7 h6 32. h4 Rb8 33. c4 Rb3 34. Ne1
dxc4 35. Bxc4 Rxe3 36. Kf2 cxd4 37. Nc2 Nd6 38. Nexd4 Rc3 39. Bxe6 Rxc2+ 40.
Nxc2 Kxe6 41. Nd4+ Kf6 42. Kf3 Bf7 43. Ra5 Bc4 44. g4 fxg4+ 45. Kxg4 h5+ 46.
Kh3 Nf5 47. Nxf5 Be6 48. Kg3 Bxf5 49. Re5 Bd6 50. Re1 Be6 51. Rd1 Bb4 52. Rb1
Be7 53. Rb5 Bd6 54. Rb6 Ke7 55. Rb7+ Bd7 56. Rb3 Ke6 57. Rd3 Bc6 58. Rc3 Be4
59. Rb3 Kd5 60. Rb6 Bc5 61. Rf6 Kd4 62. f5 Bxf5 63. Rxf5 Bd6+ 0-1